Vista normal
Vista MARC
Entrada Nombre personal
Número de registros utilizados en: 29
001 - NÚMERO DE CONTROL
- campo de control: 28921
003 - IDENTIFICADOR DEL NÚMERO DE CONTROL
- campo de control: BNPHU
005 - FECHA Y HORA DE LA ÚLTIMA TRANSACCIÓN
- campo de control: 20250206101004.0
008 - DATOS DE LONGITUD FIJA
- campo de control de longitud fija: 200615|| aca||aabn | a|a d
010 ## - NÚMERO DE CONTROL DE LA BIBLIOTECA DEL CONGRESO
- Número de control de LC: n 93109406
040 ## - FUENTE DE LA CATALOGACIÓN
- Centro catalogador/agencia de origen: DO-SdBNP
- Lengua de catalogación: spa
- Centro/agencia transcriptor: BNPHU
- Normas de descripción: rda
046 ## - FECHAS CON CODIFICACIÓN ESPECIAL
- Fecha de nacimiento: 1961-
100 1# - ENCABEZAMIENTO-NOMBRE DE PERSONA
- Nombre de persona: Disla, Edwin,
- Fechas asociadas al nombre: 1961-
370 ## - LUGAR ASOCIADO
- Lugar de nacimiento: Mao (República Dominicana)
371 ## - DIRECCIÓN
- Dirección de correo electrónico: [email protected]
374 ## - OCUPACIÓN
- Ocupación: Ensayista
- Ocupación: Narrador
- Ocupación: Ingeniero civil
400 1# - TRAZADO DE VÉASE--NOMBRE DE PERSONA
- Nombre de persona: D. Edwin
- Fechas asociadas al nombre: 1961-
670 ## - FUENTE DE DATOS ENCONTRADOS
- Cita de la fuente: Work cat.: (OSt)11933: Disla, Edwin, 1961-, Vida de un tormento /, 1997.
670 ## - FUENTE DE DATOS ENCONTRADOS
- Cita de la fuente: El hombre lobo. Santo Domingo : Soto Castillo, 2024. 3335 p.
670 ## - FUENTE DE DATOS ENCONTRADOS
- Identificador Uniforme del Recurso: https://authorities.loc.gov/cgi-bin/Pwebrecon.cgi?AuthRecID=3116575&v1=1&HC=1&SEQ=20250206100627&PID=T2gFpUPWmJwPnSe68EhiTXQ4HsLe Consultado en 06 de febrero, 2025
